000 00687cam a2200229 4500500
005 20260405003344.0
041 _afre
042 _adc
100 1 0 _aEnjalbert, Cédric
_eauthor
245 0 0 _a“Leurs enfants après eux”. À l’Est, rien de nouveau ?
260 _c2021.
500 _a59
690 _aAdolescence
690 _aBourdieu
690 _aDéterminisme
690 _aDomination
690 _aJeunesse
690 _aNicolas Mathieu
690 _aThéâtre
786 0 _nPhilosophie magazine | 152 | 9 | 2021-09-01 | p. 87-87 | 1951-1787
856 4 1 _uhttps://shs.cairn.info/magazine-philosophie-magazine-2021-9-page-87?lang=fr&redirect-ssocas=7080
999 _c2066785
_d2066785